02888 2200181 4500001002100000005001500021035002000036008003900056245011800095100002100213260006100234300002400295084001800319520232200337082000802659650001902667990002002686INLIS00000000000509120250731034340 a0010-0725000377250731 | | | 1 aPengaruh Faktor-Faktor Perilaku Konsumen terhadap Keputusan Pembelian Smartphone Merek Samsung /cFebria Fitriani aFitriani, Febria aTenggarong :bFEBIS-Universitas Kutai Kartanegara,c2019 a80 hlm. ;c21x30 cm a658 FIT P C.1 aFebria Fitriani, Pengaruh Faktor-faktor Perilaku Konsumen Terhadap Keputusan Pembelian Pada Smartphone Merk Samsung (Studi Pada Mahastawa Fakultas Ekonomi dan Ban?s Universitas Kutai Kartanegara.
Skirpsi ini ingin mengetahui dan mengkaj? faktor faktor perilaku konsumen manakah yang mempengaruhi keputusan pembelian smartphone merek samsung studi pada mahasiswa fakultas ekonomi dan bisnis Universitas Kutai Kartanegara.
Penelitian ini adalah penelitian kualitatif dengan desian deskriptif Dimana variabel yang digunakan lebih dari satu, maka variabei analisis yang digunakan adalah model Analisis Faktor Jumlah variabelnya sebanyak 4 yaitu Budaya (X). Sosial (X), Pribadi (X3) dan Psikologis (X).
Penelitian ini bertujuan untuk menganalisis faktor-faktor yang mempengaruhi keputusan pembelian smartphone merek samsung studi pada mahasiswa fakultas ekonomi dan bisnis Universitas Kutai Kartanegara. Data yang digunakan adalah data primer. Sampel yang diteliti sebanyak 50 responden Jumlah variabel yang diteliti sebanyak 4 variabel dan 15 indikator.
Dari hasil penelitian ini menyatakan bahwa pernyataan hipotesis perrtama dalam penelitian yang menyatakan "bahwa Faktor Budaya, Faktor Sosial, Faktor Pribadi dan Faktor Psikologis Berpengaruh Secara Simultan Terhadap Keputusan Pembelian Smartphone Merek Sansung studi pada Mabasiswa Fakultas Ekonomi dan Bisnis Universitas Kutai Kartanegara diterima karena terbukti kebenerannya. Hal tersebut diperkuat dengan hasil MSA 0,5 untuk variabel Budaya adalah sebesar 0,671, untuk variabel Sosial adalah sebesar 0,652, untuk variabel Pribadi adalah sebesar 0,691 dan untuk variabel Psikologis adalah sebesar 0,670.
Kemudian pernyataan hipotesis kedua yang menyatakan "bahwa Faktor Sosial Paling Berpengaruh Terhadap Keputusan Pembelian Smartphone Merek Samsung pada Mahasiswa Fakultas Ekonomi dan Bisnis Universitas Kutai Kartanegara diterima karena terbukti kebenarannya. Berdasarkan tabel Component Matrix menujukan bahwa variabel Sosial paling berpengaruh terhadap keputusan pembelian smartphone merek samsung studi pada mahasiswa fakultas ekonomi dan bisnis Universitas Kutai Kartanegara yaitu sebesar 0,833 atau 83,3% kemudian diikuti variabel Pribadi 0,799 atau 79,9%, variabel Psikologis 0,651 atau 65,1% dan variabel Budaya 0,526 atau 52,6%.
a658 4aManajemen Umum a190813110008353